Statistics for Complete the Card - NXT Stand and Deliver 2023

Click here to take the quiz!

General Stats

  • This quiz has been taken 36 times
  • The average score is 23 of 33

Answer Stats

HintAnswer% Correct
NXT Championship MatchBron Breakker
97%
NXT Championship MatchCarmelo Hayes
97%
NXT North American Championship Fatal Five-Way MatchWes Lee
93%
NXT Women's Championship Ladder MatchIndi Hartwell
90%
NXT Women's Championship Ladder MatchRoxanne Perez
83%
NXT North American Championship Fatal Five-Way MatchDragon Lee
80%
NXT North American Championship Fatal Five-Way MatchIlja Dragunov
80%
Eight-person Mixed Tag Team Match (Pre-Show Match)Joe Gacy
77%
NXT Women's Championship Ladder MatchTiffany Stratton
77%
NXT Women's Tag Team Championship MatchAlba Fyre
73%
Eight-person Mixed Tag Team Match (Pre-Show Match)Andre Chase
73%
NXT Tag Team Championship Triple Threat MatchBrutus Creed
73%
NXT Tag Team Championship Triple Threat MatchJulius Creed
73%
NXT Tag Team Championship Triple Threat MatchMark Coffey
73%
Eight-person Mixed Tag Team Match (Pre-Show Match)Duke Hudson
70%
NXT Women's Tag Team Championship MatchIsla Dawn
70%
NXT Women's Tag Team Championship MatchKiana James
70%
Eight-person Mixed Tag Team Match (Pre-Show Match)Thea Hail
70%
NXT Tag Team Championship Triple Threat MatchWolfgang
70%
Eight-person Mixed Tag Team Match (Pre-Show Match)Ava
63%
NXT Women's Tag Team Championship MatchFallon Henley
63%
NXT Women's Championship Ladder MatchGigi Dolin
63%
Eight-person Mixed Tag Team Match (Pre-Show Match)Rip Fowler
63%
NXT Tag Team Championship Triple Threat MatchTony D'Angelo
63%
Unsanctioned MatchGrayson Waller
60%
Eight-person Mixed Tag Team Match (Pre-Show Match)Jagger Reid
60%
NXT North American Championship Fatal Five-Way MatchAxiom
57%
Unsanctioned MatchJohnny Gargano
57%
NXT Women's Championship Ladder MatchLyra Valkyria
57%
Eight-person Mixed Tag Team Match (Pre-Show Match)Tyler Bate
57%
NXT Women's Championship Ladder MatchZoey Stark
57%
NXT Tag Team Championship Triple Threat MatchChanning "Stacks" Lorenzo
53%
NXT North American Championship Fatal Five-Way MatchJD McDonagh
47%

Score Distribution

Percentile by Number Answered

Percent of People with Each Score

Your Score History

You have not taken this quiz